00516 2200169 4500001002100000005001500021035002000036007000300056008003900059082000700098084001300105100000900118245013300127260004600260650002500306990001500331INLIS00000000000988820260415092218 a0010-0426000239ta260415 | | |  a11 a11 HER a0 aHERI1 aANALISIS KEDISIPLINAN PEGAWAI UNTUK MENINGKATKAN KINERJA DI SEKRETARIAT DPRD KABUPATEN KAPUAS PROVINSI KALIMANTAN TENGAH /cHERI aPALANGKA RAYA :bPERPUSTAKAAN UMPR,c2026 4aKEDISIPLINAN PEGAWAI a2211026380